Information technology project management : Providing measurable organizational value
The 5th Edition of Jack Marchewka's Information Technology Project Management focuses on how to create measurable organizational value (MOV) through IT projects. The author uses the concept of MOV, combined with his own research, to create a solid foundation for making decisions throughout the...
में बचाया:
| मुख्य लेखक: | |
|---|---|
| स्वरूप: | पुस्तक |
| भाषा: | Undetermined |
| प्रकाशित: |
Hoboken, NJ
John Wiley & Sons, Inc.
2015
|
| विषय: | |
| टैग : |
टैग जोड़ें
कोई टैग नहीं, इस रिकॉर्ड को टैग करने वाले पहले व्यक्ति बनें!
|
| Thư viện lưu trữ: | Trung tâm Học liệu Trường Đại học Cần Thơ |
|---|
| LEADER | 01084nam a2200229Ia 4500 | ||
|---|---|---|---|
| 001 | CTU_207798 | ||
| 008 | 210402s9999 xx 000 0 und d | ||
| 020 | |c 2631000 | ||
| 082 | |a 004.0684 | ||
| 082 | |b M316 | ||
| 100 | |a Marchewka, Jack T. | ||
| 245 | 0 | |a Information technology project management : | |
| 245 | 0 | |b Providing measurable organizational value | |
| 245 | 0 | |c Jack T. Marchewka | |
| 260 | |a Hoboken, NJ | ||
| 260 | |b John Wiley & Sons, Inc. | ||
| 260 | |c 2015 | ||
| 520 | |a The 5th Edition of Jack Marchewka's Information Technology Project Management focuses on how to create measurable organizational value (MOV) through IT projects. The author uses the concept of MOV, combined with his own research, to create a solid foundation for making decisions throughout the project's lifecycle. | ||
| 650 | |a Công nghệ thông tin,Project management,Information technology,Quản lý dự án | ||
| 650 | |x Quản lý,Computer programs,Management,Chương trình máy tính | ||
| 904 | |i Hải | ||
| 980 | |a Trung tâm Học liệu Trường Đại học Cần Thơ | ||